Countries with Signal Crayfish - Statistics

General Stats
  • This quiz has been taken 17 times
  • The average score is 17 of 23
Answer Stats
Answer % Correct
Canada
100%
United States
100%
France
92%
Germany
92%
United Kingdom
92%
Italy
85%
Poland
85%
Russia
85%
Spain
85%
Austria
77%
Finland
77%
Portugal
77%
Sweden
77%
Belgium
69%
Denmark
69%
Greece
69%
Switzerland
69%
Japan
62%
Luxembourg
62%
Netherlands
62%
Latvia
54%
Lithuania
54%
Cyprus
15%
No matching quizzes found
Score Distribution
Percent of People with Each Score
Percentile by Number Answered
Your Score History
You have not taken this quiz